| 000 | 00935nam a2200301Ia 4500 | ||
|---|---|---|---|
| 003 | OSt | ||
| 005 | 20220927114234.0 | ||
| 006 | a|||||r|||| 00| 0 | ||
| 007 | ta | ||
| 008 | 220926b |||||||| |||| 00| 0 eng d | ||
| 020 |
_a9781584888666 _c3513.5 |
||
| 024 | _a190235 | ||
| 037 |
_b"284, 16/12/2010, VDT Research Press" _cTextbook |
||
| 040 |
_aRTL _cRTL _beng |
||
| 041 |
_2eng _aeng |
||
| 082 | _a"B316, Q1" | ||
| 100 |
_aNarici Lawrence _9387670 |
||
| 245 | 0 | _aTopological vector spaces | |
| 250 | _a2 | ||
| 260 |
_aBoca _bRaton CRC Press _c2011 |
||
| 300 |
_a"xvii, 610p" _ccm. |
||
| 490 | _aPure and Applied Mathematics: A Series of Monographs and Text Books | ||
| 500 | _aBibliography: P 555-90 | ||
| 650 | _aEconomics | ||
| 700 |
_a Beckenstein Edward _9387671 |
||
| 942 |
_h"B316, Q1" _cCC |
||
| 999 |
_c703505 _d703505 |
||